000 03699nam a22002777a 4500
003 URS
005 20251021102309.0
008 250908b ||||| |||| 00| 0 eng d
040 _cURS
043 _aURS
245 _aDetachable Metal Sheet Bender with Drill Plate Cutter
_b/ Riñon, Sophia Mae A.... [et al.].
260 _cMay 2024
300 _a112 leaves :
_billustrations ;
_c28 cm.
336 _2rdacontent
_atext
337 _2rdamedia
_aunmediated
338 _2rdacarrier
_avolume
502 _aThesis
_bBachelor of Technology Major in Civil Technology
_cUniversity of Rizal System-Morong
_d2024
520 _aEXECUTIVE SUMMARY: This study aimed to develop Detachable Metal Sheet Bender with Drill Plate Cutter. Specifically, it aimed to design and construct Detachable Metal Sheet Bender with Drill Plate Cutter out of locally available materials, performed try-out and revision; evaluated the level of performance in terms of accuracy and speed, determined the level of acceptability of Detachable Metal Sheet Bender with Drill Plate Cutter and existing Metal Sheet Bender with Cutter in terms of design, durability, functionality, safety and maintenance, and usefulness, and also determined the significant difference between the level of acceptability of developed Detachable Metal Sheet Bender with Drill Cutter and existing Metal Sheet Bender in terms of aforementioned variables. This study was conducted at the University of Rizal System Morong Campus by the students of Bachelor of Technology major in Civil Technology during the academic year A.Y. 2023-2024. There were two groups of respondents consisting of four (4) Civil Technology experts, two (2) Mechanical Technology experts, two (2) Automotive Technology experts, two (2) HVACR Technology experts with a total of ten (ten) experts while the end users were ten (10) Civil Technology students, five (5) Mechanical Technology students, and five (5) Automotive Technology students. In terms of designing and constructing the Detachable Metal Sheet Bender with Drill Plate Cutter, the materials needed can be acquired locally in hardware stores. Through try-out and revision, three defects were found, the Detachable Metal Sheet Bender with Drill Plate Cutter reached functional output and attained objectives. In terms of the level of performance of Detachable Metal Sheet Bender with Drill Plate Cutter and existing Metal Sheet Bender with Cutter it was verbally interpreted as very accurate in terms of bending and fast in terms of cutting . In terms of the level of acceptability of Detachable Metal Sheet Bender with Drill Plate Cutter it was verbally interpreted as very acceptable, extremely durable, extremely functional, extremely safe and maintainable, and extremely useful by Civil Technology students and experts. In terms of the level of acceptability of existing Metal Sheet Bender it was verbally interpreted as very acceptable, very durable, very functional, very safe and maintainable, and very useful by Civil Technology students and experts. There is a significant difference on the level of acceptability of the Detachable Metal Sheet Bender with Drill Plate Cutter and the existing Metal Sheet Bender with Cutter in terms of design, durability, functionality, safety and maintenance, and usefulness, therefore the null hypothesis was rejected.
700 _aRiñon, Sophia Mae A.
_eauthor
700 _aAmador, Jeremiah G.
_eauthor
700 _aLayacan, Siegfreid M.
_eauthor
700 _aVillamor, Adrian Ray P.
_eauthor
700 _aPegos, Antonio E.
_edegree supervisor
856 _3Online Request for Student Unpublished Works
_uhttps://forms.gle/7LqvGGkaDrUQqz429
942 _2lcc
_cT
999 _c85938
_d85936